Product Design and Development, 2/e (Record no. 316021)

000 -LEADER
fixed length control field 00347 a2200145 4500
001 - CONTROL NUMBER
control field 80948
082 ## - DEWEY DECIMAL CLASSIFICATION NUMBER
Classification number 658.5756 ULR
090 ## - LOCALLY ASSIGNED LC-TYPE CALL NUMBER (OCLC); LOCAL CALL NUMBER (RLIN)
-- 39709
-- 39709
100 ## - MAIN ENTRY--PERSONAL NAME
Personal name Ulrich Karl T
245 ## - TITLE STATEMENT
Title Product Design and Development, 2/e
250 ## - EDITION STATEMENT
Edition statement 2
260 ## - PUBLICATION, DISTRIBUTION, ETC.
Place of publication, distribution, etc. USA
Name of publisher, distributor, etc. Megran H Hill
Date of publication, distribution, etc. 2000
300 ## - PHYSICAL DESCRIPTION
Extent xxvi, 358 p.
500 ## - GENERAL NOTE
General note BE textbook IE dept
942 ## - ADDED ENTRY ELEMENTS (KOHA)
Institution code [OBSOLETE] NUST-CAE
Call number prefix 658.5756 ULR
Holdings
Withdrawn status Lost status Damaged status Not for loan Collection code Permanent Location Current Location Date acquired Total Checkouts Full call number Barcode Date last seen Price effective from Koha item type
          College of Aeronautical Engineering (CAE) College of Aeronautical Engineering (CAE) 04/03/2017   658.5756 ULR CAE77645 04/05/2017 04/05/2017 Book
          College of Aeronautical Engineering (CAE) College of Aeronautical Engineering (CAE) 04/03/2017   658.5756 ULR CAEN-446 04/05/2017 04/05/2017 Book
© 2023 Central Library, National University of Sciences and Technology. All Rights Reserved.